Los vikingos / (Registro nro. 12102)
[ vista simple ]
| 000 -CABECERA | |
|---|---|
| Longitud fija campo de control | 00958nam a2200301ua 4500 |
| 003 - • IDENTIFICADOR DELl NÚMERO DE CONTROL | |
| Identificador del número de control | CO-ViMGA |
| 005 - • FECHA Y HORA DE LA ÚLTIMA TRANSACCIÓN | |
| Fecha y hora de la última transacción | 20230915225026.0 |
| 008 - • CÓDIGOS DE INFORMACIÓN DE LONGITUD FIJA | |
| Códigos de información de longitud fija | 120314s2012 ck a jr 00110dspa d |
| 020 ## - • NÚMERO INTERNACIONAL NORMALIZADO PARA LIBROS | |
| Número Internacional Normalizado para Libros (ISBN) | 9789588756264 |
| 040 ## - FUENTE DE LA CATALOGACIÓN | |
| Centro catalogador de origen | CO-ViMGA |
| Lengua de catalogación | spa |
| Centro transcriptor | CO-ViMGA |
| 043 ## - CÓDIGO DE ÁREA GEOGRÁFICA | |
| Código de área geográfica | s-ck--- |
| 082 04 - • NÚMERO DE LA CLASIFICACIÓN DECIMAL DEWEY | |
| Número de clasificación (R) | 948.022 |
| Número del ítem | C65 |
| 100 1# - • PUNTO DE ACCESO PRINCIPAL-NOMBRE DE PERSONA | |
| Nombre de persona | Elsner, Hildegard. |
| 245 14 - • TITULO PROPIAMENTE DICHO | |
| Título | Los vikingos / |
| 250 ## - • MENCIÓN DE EDICIÓN | |
| Mención de edición | Editor César A. Cardozo Tovar. |
| 300 ## - • DESCRIPCIÓN FÍSICA | |
| Extensión | 48 p. ; |
| Dimensiones | 28 cm. |
| 490 1# - • MENCIÓN DE SERIE | |
| Mención de serie | Cómo y por qué |
| 500 ## - • NOTA GENERAL | |
| Nota general | Incluye índice. |
| 534 ## - • Nota De Versión Original | |
| -- | Título original. : |
| Título | Die wikinger. |
| 650 14 - • PUNTO DE ACCESO ADICIONAL DE MATERIA - TÉRMINO DE MATERIA | |
| Término de materia o nombre geográfico como elemento inicial | Vikingos |
| Subdivisión de materia general | Historia |
| Subdivisión de forma | Literatura juvenil. |
| 650 14 - • PUNTO DE ACCESO ADICIONAL DE MATERIA - TÉRMINO DE MATERIA | |
| Término de materia o nombre geográfico como elemento inicial | Vikingos |
| Subdivisión de materia general | Vida social y costumbres |
| Subdivisión de forma | Literatura juvenil. |
| 700 1# - • PUNTO DE ACCESO ADICIONAL - NOMBRE DE PERSONA | |
| Nombre de persona | Cardozo Tovar, César A., |
| Término indicativo de función | ed. |
| 700 1# - • PUNTO DE ACCESO ADICIONAL - NOMBRE DE PERSONA | |
| Nombre de persona | Risueño, Amalia, |
| Término indicativo de función | tr. |
| 700 1# - • PUNTO DE ACCESO ADICIONAL - NOMBRE DE PERSONA | |
| Nombre de persona | Smirnov, Nikolai, |
| Término indicativo de función | il. |
| 700 1# - • PUNTO DE ACCESO ADICIONAL - NOMBRE DE PERSONA | |
| Nombre de persona | Yudin, Oleg, |
| Término indicativo de función | il. |
| 942 ## - ENTRADA DE ELEMENTOS AGREGADOS (KOHA) | |
| Fuente de clasificaión o esquema | Dewey Decimal Classification |
| Perdido | Fuente de clasificación o esquema | Estado Físico | No para préstamo | Forma de adquisición | Localización permanente | Localización actual | Fecha adquisición | Préstamos totales | Signatura completa | Código de barras | Fecha última consulta | Fecha último préstamo | Número de copia | Fecha del precio de reemplazo | Tipo de item de Koha |
|---|---|---|---|---|---|---|---|---|---|---|---|---|---|---|---|
| Dewey Decimal Classification | Sala General Segundo Piso | Biblioteca Pública Germán Arciniegas - Villavicencio | Biblioteca Pública Germán Arciniegas - Villavicencio | 12/03/2015 | 1 | 948.022 C65 | 28962 | 10/28/2022 | 08/15/2017 | Ej. 1 | 12/03/2015 | LIbro |